Identify These Famous Athletes - Statistics

General Stats
  • This quiz has been taken 30 times
  • The average score is 10 of 16
Answer Stats
Picture Answer % Correct
Kobe Bryant
100%
Cristiano Ronaldo
96%
Lionel Messi
93%
Usain Bolt
93%
David Beckham
89%
Lewis Hamilton
85%
Novak Djokovic
85%
Tom Brady
74%
Michael Schumacher
67%
Bruno Fernandes
56%
Sebastian Vettel
52%
Andy Murray
41%
Virat Kohli
26%
Ricky Ponting
11%
Mahendra Singh Dhoni
7%
Levi Sherwood
4%
No matching quizzes found
Score Distribution
Percent of People with Each Score
Percentile by Number Answered
Your Score History
You have not taken this quiz